Indian cities - Sudden Death - Statistics

General Stats
  • This quiz has been taken 48 times
  • The average score is 9 of 15
Answers on the Grid
Answers color-coded by a green-red scale on the quiz's grid according to % correct below.
Peshawar
Surabaya
Smyrna
Kano
Multan
Lhasa
Batumi
Ufa
Varna
Zanzibar
Goa
Mumbai
Darjeeling
Sri Vijaya Puram
Jaipur
Chennai
Ahmedabad
Cochin
Nagpur
Coimbatore
Shimla
Surat
Lucknow
Imphal
Kolkata
 
Answer Stats
Answer % Correct
Mumbai
95%
Kolkata
90%
Chennai
85%
Jaipur
80%
Ahmedabad
65%
Goa
65%
Nagpur
65%
Surat
63%
Lucknow
60%
Darjeeling
58%
Cochin
50%
Shimla
45%
Coimbatore
43%
Imphal
33%
Sri Vijaya Puram
33%
No matching quizzes found
Score Distribution
Percent of People with Each Score
Percentile by Number Answered
Your Score History
You have not taken this quiz